Intensive shrimp production technology : The oceanic institute shrimp manual

Saved in:
Bibliographic Details
Main Author: Wynban, James A.
Format: Book
Language:Undetermined
Published: Honolulu ( Hawaii ) The Oceanic Institute 1991
Subjects:
Tags: Add Tag
No Tags, Be the first to tag this record!
Institutions: Trung tâm Học liệu Trường Đại học Cần Thơ
LEADER 00564nam a2200193Ia 4500
001 CTU_126899
008 210402s9999 xx 000 0 und d
082 |a 639.64 
082 |b W974 
100 |a Wynban, James A. 
245 0 |a Intensive shrimp production technology : 
245 4 |b The oceanic institute shrimp manual 
245 0 |c James A. Wynban and James N. Sweeney 
260 |a Honolulu ( Hawaii ) 
260 |b The Oceanic Institute 
260 |c 1991 
650 |a Shrimp 
904 |i Giang 
980 |a Trung tâm Học liệu Trường Đại học Cần Thơ